000 00657nam a22001577a 4500
999 _c20473
_d20473
008 240815b ||||| |||| 00| 0 eng d
082 _22023
_aUT
100 _aBustamante, Crytel Jane M.
_957812
245 _aPerception of local government employees towards their preparedness for disaster management in digos city /
_cCrytel Jane M. Bustamante, Rishiel L. Sajetarios, and Ryan A. Toledano
260 _aDigos City :
_bUMDC,
_cNovember 2023.
300 _aviii, 55 pages :
_c30 cm.
650 _aHuman Resources Management.
_xUndergraduate Thesis.
_957539
700 _aSajetarios, Rishiel L.
_957813
700 _aToledano, Ryan A.
_957814
942 _2ddc
_cUT